Manual de la enfermera / (Record no. 144468)

MARC details
000 -LEADER
campo de control de longitud fija 00644nam a2200193 4500
001 - NÚMERO DE CONTROL
campo de control 144468
003 - IDENTIFICADOR DE NÚMERO DE CONTROL
campo de control ES-MaACL
005 - FECHA Y HORA DE LA ÚLTIMA TRANSACCIÓN
campo de control 20230906201026.0
007 - CAMPO FIJO DE DESCRIPCIÓN FÍSICA--INFORMACIÓN GENERAL
campo de control de longitud fija t|
008 - DATOS DE LONGITUD FIJA--INFORMACIÓN GENERAL
campo de control de longitud fija 070214s1966 sp r ||||1| spa d
245 00 - MENCIÓN DEL TÍTULO
Título Manual de la enfermera /
Mención de responsabilidad, etc. obra editada bajo la dirección de A. Sitges Creus ; con la colaboración de F. Bergadá Girona y A. Guarner Vila.
250 ## - MENCION DE EDICION
Mención de edición 1ª ed.
260 ## - PUBLICACIÓN, DISTRIBUCIÓN, ETC.
Lugar de publicación, distribución, etc. Barcelona :
Nombre del editor, distribuidor, etc. Toray,
Fecha de publicación, distribución, etc. 1966.
300 ## - DESCRIPCIÓN FÍSICA
Extensión XXXII, 490 p. :
Otras características físicas il. ;
Dimensiones 24 cm.
700 1# - ENTRADA AGREGADA--NOMBRE PERSONAL
Nombre de persona Bergadá Girona, F.
9 (RLIN) 27920
700 1# - ENTRADA AGREGADA--NOMBRE PERSONAL
Nombre de persona Guarner Vila, A.
9 (RLIN) 60342
700 1# - ENTRADA AGREGADA--NOMBRE PERSONAL
Nombre de persona Sitges Creus, Antonio.
9 (RLIN) 106701
852 ## - LOCALIZACIÓN
Ubicación ES-MaACL
Número de control de estantería C-30242
Sublocalización o colección R.60770
Holdings
Estatus retirado Estado de pérdida Estado de daño No para préstamo Biblioteca de origen Biblioteca actual Ubicación en estantería Fecha de adquisición Fuente de adquisición Total de préstamos Signatura topográfica completa Código de barras Visto por última vez Precio de reemplazo Tipo de ítem Koha
        Biblioteca del Ateneo de Madrid Biblioteca del Ateneo de Madrid Depósito 2 17/01/2008     C-30242 1150309 23/02/2023 23/02/2023 Libro impreso